000 00419nam a2200145Ia 4500
008 090124s9999 xx 000 0 und d
082 _b401436
245 _a दयाळू जादुगार
250 _a1
260 _bजाजोदिया सविता
_c1979
300 _a66
630 _a दयाळू जादुगार
730 _a दयाळू जादुगार
942 _cBOOK
999 _c197820
_d197820